000 00302nam a2200121 a 4500
005 20140414132053.0
008 110715s19uu xx 00 eng d
050 _aER
_bBa167 1998
100 _aHayward, Linda
245 _aBaker,baker,cookie maker.
260 _aU.S.A :
_bCTW,
_c1998.
999 _c114239
_d114239